[Event "RUS-ch Higher League (Women) 65th"]
[Site "Tiumen"]
[Date "2012.06.18"]
[Round "3"]
[White "Ivakhinova, Inna"]
[Black "Kovalevskaya, Ekaterina"]
[Result "1/2-1/2"]
[WhiteElo "2306"]
[BlackElo "2417"]
[PlyCount "113"]
[EventDate "2012.06.16"]
[EventType "swiss"]
[EventRounds "11"]
[EventCountry "RUS"]
[SourceTitle "CBM 149 Extra"]
[Source "ChessBase"]
[SourceDate "2012.08.24"]
[SourceVersion "1"]
[SourceVersionDate "2012.08.24"]
[SourceQuality "1"]

1. d4 d5 2. c4 e6 3. Nf3 c5 4. cxd5 exd5 5. g3 Nc6 6. Bg2 cxd4 7. Nxd4 Qb6 8. Nxc6 bxc6 9. Nc3 Nf6 10. 0-0 Be7 11. e4 dxe4 12. Be3 Qb4 13. a3 Qc4 14. Rc1 Qe6 15. Qa4 0-0 16. Nxe4 Nd5 17. Bc5 Bxc5 18. Nxc5 Qh6 19. b4 Bh3 20. Bxh3 Nb6 21. Qc2 Qxh3 22. Nb7 Rac8 23. Nd6 Rcd8 24. Qxc6 Nd7 25. Rfe1 Nf6 26. Nc4 h6 27. Qg2 Qf5 28. Rc3 Rd3 29. Rxd3 Qxd3 30. Qf1 Qb3 31. Re3 Qc2 32. Qe2 Qc1+ 33. Qf1 Qc2 34. Qd3 Qc1+ 35. Kg2 Rc8 36. Ne5 Qc7 37. Re2 Rd8 38. Qc4 Qb7+ 39. Qc6 Qe7 40. Qc4 Re8 41. Re3 Qb7+ 42. Qc6 Qb8 43. Ng4 Rxe3 44. Nxf6+ gxf6 45. fxe3 Qe5 46. Qc8+ Kh7 47. Qc2+ Kg7 48. e4 Qd4 49. h4 Qe3 50. a4 Qd4 51. b5 Qb4 52. Kf3 Qe1 53. Kg2 Qb4 54. Kh2 Qe1 55. Qb2 Kg6 56. Qc2 Kg7 57. Kg2 1/2-1/2

[Event "RUS-chT (Women) 13th"]
[Site "Sochi"]
[Date "2012.04.13"]
[Round "5"]
[White "Ivakhinova, Inna"]
[Black "Molchanova, Tatjana"]
[Result "1-0"]
[WhiteElo "2285"]
[BlackElo "2346"]
[PlyCount "61"]
[EventDate "2012.04.09"]
[EventType "team-tourn"]
[EventRounds "7"]
[EventCountry "RUS"]
[SourceTitle "CBM 147 Extra"]
[Source "ChessBase"]
[SourceDate "2012.04.24"]
[SourceVersion "1"]
[SourceVersionDate "2012.04.24"]
[SourceQuality "1"]
[WhiteTeam "Izhevsk Udmurtia (W)"]
[BlackTeam "St Petersburg Chigorin (W)"]
[WhiteTeamCountry "RUS"]
[BlackTeamCountry "RUS"]

1. d4 d5 2. c4 dxc4 3. Nf3 a6 4. e3 e6 5. Bxc4 Nf6 6. Qe2 c5 7. dxc5 Bxc5 8. 0-0 b5 9. Rd1 Qc7 10. Bd3 Bb7 11. a3 Nbd7 12. b4 Bd6 13. Bb2 Ng4 14. Bxg7 Rg8 15. Bb2 Bxh2+ 16. Kf1 Bg3 17. fxg3 Bxf3 18. gxf3 Qxg3 19. fxg4 Rxg4 20. Qf2 Qh3+ 21. Ke1 Rd8 22. Bf1 Qh6 23. Nd2 f5 24. Bg2 Ke7 25. Ke2 Nb6 26. Bf3 Rg5 27. Be5 Nd5 28. Rh1 Qg6 29. Rag1 f4 30. e4 Nf6 31. Bxf4 1-0

[Event "RUS-chT (Women) 13th"]
[Site "Sochi"]
[Date "2012.04.12"]
[Round "4"]
[White "Rassokhina, Ekaterina"]
[Black "Ivakhinova, Inna"]
[Result "1-0"]
[WhiteElo "2050"]
[BlackElo "2285"]
[PlyCount "83"]
[EventDate "2012.04.09"]
[EventType "team-tourn"]
[EventRounds "7"]
[EventCountry "RUS"]
[SourceTitle "CBM 147 Extra"]
[Source "ChessBase"]
[SourceDate "2012.04.24"]
[SourceVersion "1"]
[SourceVersionDate "2012.04.24"]
[SourceQuality "1"]
[WhiteTeam "Nizhny Tagil Politekhnik (W)"]
[BlackTeam "Izhevsk Udmurtia (W)"]
[WhiteTeamCountry "RUS"]
[BlackTeamCountry "RUS"]

1. d4 d5 2. Nf3 Nf6 3. c4 c6 4. e3 Bf5 5. Nc3 e6 6. Nh4 Bg6 7. Nxg6 hxg6 8. Bd3 Nbd7 9. 0-0 Bd6 10. f4 dxc4 11. Bxc4 g5 12. e4 Bxf4 13. Bxf4 gxf4 14. e5 Nh5 15. Ne4 Qh4 16. Nd6+ Kf8 17. Rf3 g6 18. Rh3 Qg5 19. Qf3 Nb6 20. Kh1 Nxc4 21. Nxc4 Kg7 22. Nd6 Rab8 23. Rg1 f5 24. b4 Qg4 25. Rf1 Qxf3 26. Rfxf3 g5 27. Ra3 a6 28. Kg1 Kg6 29. Rhc3 Ng7 30. b5 cxb5 31. Rc7 Rhd8 32. Re7 g4 33. Rc3 b6 34. Rcc7 Rg8 35. Kf2 b4 36. h4 a5 37. Rf7 a4 38. Rf6+ Kh5 39. Nf7 g3+ 40. Kf3 Kxh4 41. Rh6+ Nh5 42. Rc1 1-0